Pouto přísahy /
Bree Matthews je sama. Vyhnala se z řádu, přerušila styky se svými předky a odvrátila se od přátel... pokračování young adult fantasy série.
Uloženo v:
| Série: | Mýtonoši,
část 3 |
|---|---|
| Hlavní autor: | |
| Další autoři: | |
| Médium: | Kniha |
| Jazyk: | Czech |
| Vydáno: |
V Praze :
CooBoo,
2026
|
| Vydání: | 1. vydání |
| Témata: | |
| Celkem bylo vypůjčeno: | 0x |
| Příbuzné jednotky: | Z cyklu::
Mýtonoši |
| Tagy: |
Žádné tagy |
| LEADER | 02468nam a2200469 i 4500 | ||
|---|---|---|---|
| 001 | 106347 | ||
| 003 | CZ PrNK | ||
| 005 | 20260514101351.0 | ||
| 007 | ta | ||
| 008 | 260427s2026 xr g 000 f cze | ||
| 015 | |a cnb003754489 | ||
| 020 | |a 9788026741985 |q (vázáno) | ||
| 040 | |a ABG001 |b cze |e rda | ||
| 041 | 1 | |a cze |h eng | |
| 072 | 7 | |a 821.111(73)-3 |x Americká próza |2 Konspekt |9 25 | |
| 080 | |a 821.111(73)-31 |2 MRF | ||
| 080 | |a 821-93-053.67 |2 MRF | ||
| 080 | |a (0:82-312.9) |2 MRF | ||
| 100 | 1 | |a Deonn, Tracy |7 xx0266815 |4 aut |9 112822 | |
| 240 | 1 | 0 | |a Oathbound. |l Česky |
| 245 | 1 | 0 | |a Pouto přísahy / |c Tracy Deonn ; přeložila Tereza Schlöglová |
| 250 | |a 1. vydání | ||
| 264 | 1 | |a V Praze : |b CooBoo, |c 2026 | |
| 300 | |a 727 stran ; |c 21 cm | ||
| 336 | |a text |b txt |2 rdacontent | ||
| 337 | |a bez média |b n |2 rdamedia | ||
| 338 | |a svazek |b nc |2 rdacarrier | ||
| 500 | |a Přeloženo z angličtiny | ||
| 520 | 2 | |a Bree Matthews je sama. Vyhnala se z řádu, přerušila styky se svými předky a odvrátila se od přátel... pokračování young adult fantasy série. |b Bree za své rozhodnutí zaplatila příšernou cenu: uzavřela neporušitelnou dohodu se samotným Králem stínů. Výměnou za to, že ji naučí ovládat její schopnosti, vložila Bree svou budoucnost do jeho rukou. Ostatní dědicové zatím čelí válce. Kulatý stůl je rozlomen, nemají žádného vůdce a postrádají králomága. A aby toho nebylo málo, Nick požádá o slyšení u rady a skončí uvězněn. Nikdo neví, co bude požadovat a jaká tajemství ještě skrývá. Zatímco narůstá počet záhadných únosů a merlinové umírají, je jasné, že bez ohledu na to, jak rychle Bree utíká před svým osudem, minulost si ji vždycky najde. Nakladatelská anotace. Kráceno. | |
| 655 | 7 | |a americké romány |7 fd131796 |2 czenas |9 53403 | |
| 655 | 7 | |a fantasy romány |7 fd184199 |2 czenas |9 54250 | |
| 655 | 7 | |a literatura young adult |7 fd1185572 |2 czenas |9 114939 | |
| 655 | 9 | |a American fiction |2 eczenas | |
| 655 | 9 | |a fantasy novels |2 eczenas | |
| 655 | 9 | |a young adult literature |2 eczenas | |
| 700 | 1 | |a Schlöglová, Tereza, |d 1994- |7 xx0240542 |4 trl |9 111068 | |
| 710 | 2 | |a CooBoo (nakladatelství) |7 xx0255713 |4 pbl |9 117181 | |
| 787 | 0 | 8 | |i Z cyklu: |t Mýtonoši |g 3 |
| 910 | |a UOG502 | ||
| 942 | |2 ddc |c KN | ||
| 999 | |d 106347 | ||
| 993 | |0 0 |1 421180107068 |2 ddc |4 0 |7 0 |9 99730 |b 0 |c 107068 |d 2026-05-14 |e 0 |f DOSP |h 649.00 |i Koupě |l DOSP |r 2026-05-14 |t 6 |w 2026-05-14 |y KN |z BELETM |n | ||